Lyrics to 'Cuando Nadie Ve' by Morat - Statistics

General Stats
  • This quiz has been taken 56 times
  • The average score is 312 of 319
Answer Stats
Answer % Correct
ahora
100%
amor
100%
balas
100%
con
100%
conmigo
100%
contigo
100%
cuál
100%
Cuando
100%
cuando
100%
daré
100%
de
100%
dentro
100%
Diré
100%
duele
100%
el
100%
en
100%
entera
100%
entiendo
100%
es
100%
Es
100%
esa
100%
este
100%
estés
100%
eterno
100%
gira
100%
he
100%
Las
100%
Me
100%
me
100%
mentira
100%
mi
100%
Mi
100%
mirada
100%
miras
100%
miro
100%
mundo
100%
nadie
100%
no
100%
Nos
100%
papel
100%
parece
100%
perdidas
100%
Pero
100%
por
100%
Prefiero
100%
preguntan
100%
que
100%
queremos
100%
quiero
100%
se
100%
Si
100%
soñado
100%
sueño
100%
te
100%
Te
100%
ti
100%
toda
100%
Todo
100%
tu
100%
100%
un
100%
una
100%
ve
100%
verano
100%
vi
100%
vida
100%
Y
100%
y
100%
yo
100%
Yo
100%
amigos
89%
cierto
89%
esperaba
89%
esperaban
89%
haya
89%
hiciera
89%
invierno
89%
momento
89%
nuestro
89%
otros
89%
piel
89%
sigo
89%
sigue
89%
somos
89%
Soñé
89%
testigos
89%
verlas
89%
volvió
89%
brazos
78%
congelé
78%
Fingir
78%
mientras
78%
castigo
67%
derretiste
67%
Desde
67%
No matching quizzes found
Score Distribution
Percent of People with Each Score
Percentile by Number Answered
Your Score History
You have not taken this quiz